Statystyki dla Wszystkie landy niemieckie które graniczą z Dolną Saksonią

Kliknij tutaj aby rozwiązać quiz!

Ogólne statystyki

  • Ten quiz został rozwiązany 5 razy
  • Średni wynik to 4 z 9

Statystyki odpowiedzi

Odpowiedź% Poprawnych
Hesja
100%
Saksonia Anhalt
67%
Turyngia
67%
Brandenburgia
33%
Brema
33%
Nadrenia Północna - Westfalia
33%
Szlezwik - Holsztyn
33%
Hamburg
0%
Meklemburgia - Pomorze Przednie
0%

Rozkład punktacji

Percentyl według liczby udzielonych odpowiedzi

Procent ludzi z każdym wynikiem

Twoja historia wyników

Nie rozwiązałeś tego quizu